[Event "Bastiais Master 6th"]
[Site "Bastia"]
[Date "2007.11.??"]
[Round "?"]
[White "Humeau, Cyril"]
[Black "Luciani, Boris"]
[Result "1-0"]
[WhiteElo "2159"]
[BlackElo "2012"]
[PlyCount "111"]
[EventDate "2007.11.??"]
[EventType "swiss"]
[EventRounds "9"]
[EventCountry "FRA"]
[SourceTitle "EXT 2009"]
[Source "ChessBase"]
[SourceDate "2008.11.26"]
[SourceVersion "1"]
[SourceVersionDate "2008.11.26"]
[SourceQuality "1"]

1. Nf3 Nf6 2. d4 d5 3. Bf4 b6 4. e3 e6 5. Nbd2 Bb7 6. Ne5 c6 7. Bd3 Nbd7 8. 0-0 Be7 9. c4 0-0 10. cxd5 cxd5 11. Rc1 Rc8 12. Qa4 a6 13. Nc6 Rxc6 14. Rxc6 b5 15. Qc2 Bxc6 16. Qxc6 Qa5 17. Qc2 Qb6 18. Nf3 Qb7 19. Rc1 Nb6 20. Qc7 Qxc7 21. Rxc7 Nfd7 22. b3 Rc8 23. Kf1 Rxc7 24. Bxc7 f6 25. Ke2 g6 26. h4 Kf7 27. h5 gxh5 28. Kd1 Nc8 29. Kc2 Bd6 30. Bd8 Be7 31. Ba5 e5 32. dxe5 Nxe5 33. Nxe5+ fxe5 34. Bxh7 e4 35. Bf5 Nd6 36. Bd7 Bh4 37. g3 Bf6 38. Bc3 Bxc3 39. Kxc3 Ke7 40. Bc6 Ke6 41. Kd4 Nf5+ 42. Kc5 Ne7 43. Be8 Ke5 44. Bxh5 Nf5 45. Bg4 Nd6 46. f4+ exf3 47. Bxf3 Nf5 48. Bxd5 Nxg3 49. Bb7 Nf5 50. Bxa6 Nxe3 51. Bxb5 Ke6 52. a4 Ke7 53. a5 Kd8 54. Kb6 Kc8 55. Bc6 Nf5 56. a6 1-0

[Event "Bastiais Master 5th"]
[Site "Bastia"]
[Date "2007.03.??"]
[Round "?"]
[White "Bono, Patrick"]
[Black "Luciani, Boris"]
[Result "1-0"]
[WhiteElo "1700"]
[BlackElo "1499"]
[PlyCount "51"]
[EventDate "2007.03.??"]
[EventType "swiss"]
[EventRounds "9"]
[EventCountry "FRA"]
[SourceTitle "CBM 117 Extra"]
[Source "ChessBase"]
[SourceDate "2007.05.09"]
[SourceVersion "1"]
[SourceVersionDate "2007.05.09"]
[SourceQuality "1"]

1. e4 e5 2. Nf3 Nc6 3. Bc4 Bc5 4. d3 Nf6 5. 0-0 0-0 6. Re1 d6 7. h3 Na5 8. Bb3 Nxb3 9. axb3 Be6 10. Be3 Bxe3 11. Rxe3 c5 12. Nbd2 b5 13. c4 b4 14. Nf1 g6 15. Ra6 Bc8 16. Ra2 Nh5 17. Qa1 Qd7 18. Ng3 Nf4 19. Ne2 Ne6 20. Ng3 f5 21. exf5 gxf5 22. Re1 f4 23. Ne4 Rf7 24. Qd1 Rg7 25. Nf6+ Kh8 26. Nxd7 1-0

[Event "Bastiais Master 5th"]
[Site "Bastia"]
[Date "2007.03.??"]
[Round "?"]
[White "Geronimi, Didier"]
[Black "Luciani, Boris"]
[Result "1-0"]
[WhiteElo "1802"]
[BlackElo "1499"]
[PlyCount "39"]
[EventDate "2007.03.??"]
[EventType "swiss"]
[EventRounds "9"]
[EventCountry "FRA"]
[SourceTitle "CBM 117 Extra"]
[Source "ChessBase"]
[SourceDate "2007.05.09"]
[SourceVersion "1"]
[SourceVersionDate "2007.05.09"]
[SourceQuality "1"]

1. e4 e5 2. Bc4 Nc6 3. Nf3 Nf6 4. Ng5 d5 5. exd5 Nxd5 6. d4 Nxd4 7. c3 h6 8. Nxf7 Kxf7 9. cxd4 Bb4+ 10. Nc3 Bxc3+ 11. bxc3 Be6 12. Qf3+ Ke7 13. Ba3+ Ke8 14. 0-0 Qf6 15. Bxd5 Qxf3 16. Bxf3 exd4 17. Rfe1 Kd7 18. Rad1 Rae8 19. Bxb7 Bxa2 20. Rxd4+ 1-0